000 00399nam a2200157Ia 4500
005 20250318075448.0
008 240331s9999 xx 000 0 und d
082 _bSWA
_a894
100 _aSwaminathan, V
245 0 _aEn paarvaiyil sila kadhaigalum sila novelgalum
260 _aChennai
_bRajarajan Pathippagam
_c2001
300 _a300 p .,
650 _aKadhaikal
650 _aNovels
942 _cL
999 _c4185
_d4185